Daytona - Pusha T - Statistics

General Stats
  • This quiz has been taken 13 times
  • The average score is 6 of 7
Answer Stats
Songs Plays Artists % Correct
Infrared 46,591,838 Pusha T, Kanye West
91%
The Games We Play 86,991,782 Pusha T
91%
If You Know You Know 85,273,382 Pusha T
82%
What Would Meek Do? 46,573,590 Pusha T
82%
Hard Piano 36,932,605 Pusha T, Rick Ross
73%
Santeria 44,543,840 Pusha T
73%
Come Back Baby 46,313,105 Pusha T
64%
No matching quizzes found
Score Distribution
Percent of People with Each Score
Percentile by Number Answered
Your Score History
You have not taken this quiz